[Event "67th ch-RUS HL w 2017"]
[Site "Sochi RUS"]
[Date "2017.07.03"]
[Round "2.18"]
[White "Fominykh, Maria"]
[Black "Shaydullina, Sandugach"]
[Result "0-1"]
[WhiteTitle "WGM"]
[BlackTitle "WGM"]
[WhiteElo "2307"]
[BlackElo "2203"]
[WhiteFideId "4142411"]
[BlackFideId "4140389"]
[EventDate "2017.07.02"]

1. Nf3 f5 2. b3 d6 3. e3 Nf6 4. Bb2 e5 5. c4 Be7 6. d4 e4 7. Nfd2 O-O 8. Nc3 c6
9. d5 Nbd7 10. f3 Qb6 11. fxe4 Ng4 12. Qe2 Bg5 13. O-O-O Nde5 14. Kb1 Qxe3 15.
Nf3 Nxf3 16. gxf3 Nf2 17. Qxe3 Bxe3 18. Bd3 Nxh1 19. Rxh1 fxe4 20. Nxe4 Rxf3 21.
Be2 Rf4 22. Nxd6 cxd5 23. cxd5 Bc5 24. Nb5 Bf5+ 25. Ka1 a6 26. Nc7 Rc8 27. Ne6
Bxe6 28. dxe6 Bd4 29. Bc4 Bxb2+ 30. Kxb2 Kf8 31. Bd5 Rc7 32. a4 Ke7 33. h3 g5
34. Ka3 b5 35. axb5 axb5 36. Rh2 Rd4 37. Bf3 Kxe6 38. Bg4+ Kd6 39. Rf2 Rf4 40.
Rd2+ Ke5 41. Re2+ Kd4 42. Kb2 b4 43. Rd2+ Ke3 44. Re2+ Kd3 45. Rg2 Rcf7 46. Rg3+
Kd4 0-1

[Event "67th ch-RUS HL w 2017"]
[Site "Sochi RUS"]
[Date "2017.07.03"]
[Round "2.19"]
[White "Vinokur, Yuliya"]
[Black "Styazhkina, Anna"]
[Result "0-1"]
[WhiteTitle "WFM"]
[BlackTitle "WIM"]
[WhiteElo "2147"]
[BlackElo "2252"]
[WhiteFideId "34127515"]
[BlackFideId "24119300"]
[EventDate "2017.07.02"]

1. Nf3 d5 2. g3 c6 3. Bg2 Bg4 4. O-O Nd7 5. d4 e6 6. Nbd2 Ngf6 7. Re1 Be7 8. e4
dxe4 9. Nxe4 Nxe4 10. Rxe4 Nf6 11. Re1 O-O 12. c3 Qb6 13. h3 Bh5 14. Qb3 Qxb3
15. axb3 Bg6 16. Ne5 Bc2 17. b4 a6 18. Bg5 Rfd8 19. Ng4 Nd5 20. Bxe7 Nxe7 21.
Ne5 Nf5 22. Rec1 Bb3 23. Ra3 Bd5 24. Bf1 Nd6 25. c4 Be4 26. Re3 Bg6 27. g4 Ne8
28. Rd1 Nc7 29. h4 f6 30. Nxg6 hxg6 31. g5 Kf7 32. Bg2 Rd6 33. f4 Rad8 34. Red3
R6d7 35. Kf2 Ne8 36. d5 exd5 37. cxd5 Nc7 38. gxf6 gxf6 39. Be4 Nxd5 40. Kf3 Nb6
41. Rxd7+ Rxd7 42. Rg1 f5 43. Bb1 Kf6 44. h5 gxh5 45. Rg5 Rd5 46. Rxh5 Nc4 47.
Ba2 Rd3+ 48. Ke2 Re3+ 49. Kf2 Re4 50. Kg3 Ne3 51. Kf3 Nc2 52. Bb1 Nd4+ 53. Kg3
Re3+ 54. Kg2 Re2+ 55. Kf1 Rxb2 0-1

[Event "67th ch-RUS HL w 2017"]
[Site "Sochi RUS"]
[Date "2017.07.03"]
[Round "2.20"]
[White "Chernyak, Viktoria"]
[Black "Solozhenkina, Elizaveta"]
[Result "1-0"]
[WhiteTitle "WFM"]
[BlackTitle "WIM"]
[WhiteElo "2251"]
[BlackElo "2198"]
[WhiteFideId "24165956"]
[BlackFideId "34106615"]
[EventDate "2017.07.02"]

1. Nf3 Nf6 2. c4 e6 3. Nc3 d5 4. d4 Be7 5. Bg5 h6 6. Bh4 O-O 7. e3 Ne4 8. Bxe7
Qxe7 9. Rc1 c6 10. g4 Nd7 11. h4 Nxc3 12. Rxc3 e5 13. cxd5 cxd5 14. g5 e4 15.
gxh6 exf3 16. hxg7 Kxg7 17. Rg1+ Kh8 18. Qxf3 Nf6 19. Bd3 Rg8 20. Rg5 Bg4 21.
Qf4 Rg7 22. Re5 Qd8 23. f3 Bh5 24. Qh6+ Kg8 25. Rg5 Bg6 26. Bxg6 fxg6 27. Rxg6
Rxg6 28. Qxg6+ Kf8 29. h5 Qe7 30. h6 Re8 31. Kd2 Qf7 32. Qf5 Nh7 33. Qg4 Nf6 34.
Qg5 Nh7 35. Qg4 Nf6 36. Qg3 Qe7 37. Qf4 Kg8 38. a3 Rd8 39. Rc7 Rd7 40. Rc1 Qf7
41. Rg1+ Kh8 42. Qb8+ Qe8 43. Qxa7 Qf8 44. Rg2 Kh7 45. Qa4 Qxh6 46. Qc2+ Kh8 47.
Qc8+ Kh7 48. Qb8 Re7 49. Rh2 Nh5 50. f4 Qg6 51. Qd8 Rf7 52. Qxd5 Kh6 53. Qe5 b6
54. a4 Ra7 55. b3 Rf7 56. Kc3 Rf8 57. d5 Re8 58. Qd4 Kh7 59. Qd3 Kg7 60. Qxg6+
Kxg6 61. Rg2+ Kf7 62. Kd3 Nf6 63. Rg5 Re4 64. d6 Rb4 65. Kc3 Re4 66. Re5 Rxe5
67. fxe5 Ng4 68. d7 Ke7 69. e6 Nxe3 70. Kb4 Nd5+ 71. Kb5 Nc7+ 72. Kxb6 Nxe6 73.
Kc6 Kd8 74. b4 Nf8 75. a5 Nxd7 76. a6 Nb8+ 77. Kb7 Nxa6 78. Kxa6 Kc7 79. b5 1-0

[Event "67th ch-RUS HL w 2017"]
[Site "Sochi RUS"]
[Date "2017.07.03"]
[Round "2.21"]
[White "Nasybullina, Alfia"]
[Black "Khokhlova, Daria"]
[Result "1/2-1/2"]
[WhiteTitle "WFM"]
[WhiteElo "2084"]
[BlackElo "2237"]
[WhiteFideId "4132416"]
[BlackFideId "24182729"]
[EventDate "2017.07.02"]

1. g3 g6 2. Bg2 Bg7 3. e4 d6 4. Ne2 c5 5. d4 cxd4 6. Nxd4 Nf6 7. O-O O-O 8. Nc3
Nbd7 9. h3 a6 10. Be3 Nb6 11. Qe2 Qc7 12. Rad1 e5 13. Nb3 Nc4 14. Bc1 b5 15. f4
b4 16. fxe5 Nxe5 17. Rxf6 Bxf6 18. Nd5 Qd8 19. Qf2 Bg7 20. Nxb4 Be6 21. Be3 Qc8
22. Rxd6 Bxh3 23. Nd5 Qg4 24. Nd2 Bxg2 25. Kxg2 Nc4 26. Bd4 f5 27. Rd7 Be5 28.
Ne7+ Kh8 29. Bxe5+ Nxe5 30. Qd4 Qe2+ 31. Kg1 Qe1+ 32. Kg2 Qe2+ 33. Kg1 Qe1+ 34.
Kg2 Qe2+ 35. Kg1 Qe1+ 36. Kg2 Qe2+ 37. Kg1 Qe1+ 38. Kg2 Qe2+ 39. Kg1 Qe1+ 40.
Kg2 Qe2+ 41. Kg1 Qe1+ 1/2-1/2

[Event "67th ch-RUS HL w 2017"]
[Site "Sochi RUS"]
[Date "2017.07.03"]
[Round "2.23"]
[White "Belova, Olga"]
[Black "Doroshenko, Diana"]
[Result "0-1"]
[WhiteTitle "WFM"]
[BlackTitle "WIM"]
[WhiteElo "2064"]
[BlackElo "2228"]
[WhiteFideId "4138422"]
[BlackFideId "4176766"]
[EventDate "2017.07.02"]

1. e4 c6 2. Nc3 d5 3. Nf3 Bg4 4. h3 Bxf3 5. Qxf3 e6 6. d3 Nd7 7. g3 Ngf6 8. Bg2
d4 9. Nb1 Bb4+ 10. Bd2 Qb6 11. O-O O-O 12. b3 a5 13. Qe2 e5 14. a3 Bxd2 15. Nxd2
Qc5 16. Nf3 Rfb8 17. Nh4 Ne8 18. f4 Nd6 19. Qg4 Rd8 20. Rf2 f6 21. fxe5 Nxe5 22.
Qe2 Nb5 23. Qd2 Nxa3 24. g4 Rf8 25. Nf5 Nb5 26. Rxa5 Rxa5 27. Qxa5 g6 28. Ng3
Kg7 29. Bf1 Qa3 30. Qd2 Nc3 31. Bg2 h6 32. Kh2 Qd6 33. Qf4 Nd1 34. Rf1 Ne3 35.
Rf2 Qc5 36. c4 Nxd3 37. Qf3 Nxf2 38. Qxf2 Ra8 39. Bf3 Qe5 40. h4 Ra1 41. Kh3 Qf4
42. Qe2 Rg1 43. Qf2 Rb1 44. b4 Rxb4 45. Ne2 Qe5 0-1

[Event "67th ch-RUS HL w 2017"]
[Site "Sochi RUS"]
[Date "2017.07.04"]
[Round "3.1"]
[White "Vasilevich, Tatjana"]
[Black "Kashlinskaya, Alina"]
[Result "1/2-1/2"]
[WhiteTitle "IM"]
[BlackTitle "IM"]
[WhiteElo "2365"]
[BlackElo "2438"]
[WhiteFideId "14101610"]
[BlackFideId "4198026"]
[EventDate "2017.07.02"]

1. d4 Nf6 2. Bf4 d5 3. e3 c5 4. c3 Nc6 5. Nd2 Bf5 6. Ngf3 e6 7. Qb3 Qc8 8. Nh4
c4 9. Qd1 Be7 10. Be2 O-O 11. h3 b5 12. g4 Be4 13. f3 Nh5 14. Ng2 Nxf4 15. Nxf4
Bh4+ 16. Kf1 Bg6 17. Nxg6 fxg6 18. f4 b4 19. Nf3 Be7 20. Kg2 Rb8 21. Qc2 Rb6 22.
b3 bxc3 23. Qxc3 cxb3 24. axb3 Qb7 25. Rhc1 Rc8 26. Bd1 a5 27. Ne5 Bb4 28. Qc2
Na7 29. Qd3 Nc6 30. Qc2 Na7 31. Qd3 Nc6 1/2-1/2

[Event "67th ch-RUS HL w 2017"]
[Site "Sochi RUS"]
[Date "2017.07.04"]
[Round "3.2"]
[White "Charochkina, Daria"]
[Black "Shuvalova, Polina"]
[Result "0-1"]
[WhiteTitle "IM"]
[BlackTitle "WIM"]
[WhiteElo "2350"]
[BlackElo "2383"]
[WhiteFideId "4180917"]
[BlackFideId "24171760"]
[EventDate "2017.07.02"]

1. d4 Nf6 2. Nc3 d5 3. Bf4 e6 4. Nb5 Na6 5. e3 Be7 6. a3 O-O 7. Nf3 Nh5 8. Bg3
c5 9. c4 g6 10. dxc5 Nxg3 11. hxg3 dxc4 12. Bxc4 Nxc5 13. b4 Nd7 14. Qb3 a6 15.
Nbd4 Nb6 16. O-O Bf6 17. Rfd1 Qe7 18. e4 e5 19. Ne2 Nxc4 20. Qxc4 Be6 21. Qc3
Rfc8 22. Qb2 a5 23. b5 a4 24. Nc3 Rc5 25. Ne1 Bb3 26. Nd3 Rcc8 27. Rd2 Qe6 28.
Nb4 Bg5 29. Re2 Be7 30. Ncd5 Bc5 31. Rd2 Kg7 32. b6 Ra5 33. Nc7 Qxb6 34. Qxe5+
Qf6 35. Qxf6+ Kxf6 36. Rd7 Kg7 37. Nbd5 Kf8 38. Rc1 Rb8 39. Rc3 Bd1 40. Nf6 Bb3
41. Rf3 Bxa3 42. Nfd5 Bxd5 43. exd5 Bb2 44. Rdxf7+ Kg8 45. d6 a3 46. Ne6 Raa8
47. Nc5 a2 48. Nb3 Ra3 49. d7 a1=Q+ 50. Nxa1 Rxf3 51. Rxf3 Bxa1 52. Ra3 Bf6 53.
Rf3 Kf7 54. g4 Ke6 55. Rh3 b5 56. f4 b4 57. g5 Be7 58. Rd3 b3 0-1

[Event "67th ch-RUS HL w 2017"]
[Site "Sochi RUS"]
[Date "2017.07.04"]
[Round "3.3"]
[White "Tomilova, Elena"]
[Black "Kovanova, Baira"]
[Result "1-0"]
[WhiteTitle "WIM"]
[BlackTitle "WGM"]
[WhiteElo "2298"]
[BlackElo "2373"]
[WhiteFideId "4162340"]
[BlackFideId "4164083"]
[EventDate "2017.07.02"]

1. c4 Nf6 2. g3 e6 3. Bg2 d5 4. Nf3 d4 5. O-O c5 6. e3 Nc6 7. exd4 cxd4 8. d3
Bd6 9. Na3 O-O 10. Nc2 e5 11. b4 a6 12. Rb1 h6 13. a4 Re8 14. Re1 Bg4 15. h3 Bh5
16. g4 Bg6 17. Nh4 Ne4 18. Bxe4 Qxh4 19. Qf3 Rad8 20. b5 axb5 21. axb5 Na5 22.
Bd2 b6 23. Nb4 Bxb4 24. Bxb4 Bxe4 25. Rxe4 Nb7 26. Rbe1 Qg5 27. Qg3 f6 28. f4
Qg6 29. fxe5 fxe5 30. Rxe5 Rxe5 31. Rxe5 Nc5 32. Bxc5 bxc5 33. Qf3 Qb6 34. Re7
Rf8 35. Qd5+ Kh8 36. Qe5 Qg6 37. b6 Rg8 38. Re6 1-0

[Event "67th ch-RUS HL w 2017"]
[Site "Sochi RUS"]
[Date "2017.07.04"]
[Round "3.4"]
[White "Nechaeva, Marina"]
[Black "Diakonova, Ekaterina"]
[Result "1-0"]
[WhiteTitle "IM"]
[WhiteElo "2408"]
[BlackElo "2292"]
[WhiteFideId "4149351"]
[BlackFideId "24172936"]
[EventDate "2017.07.02"]

1. d4 Nf6 2. c4 g6 3. Nc3 Bg7 4. e4 d6 5. f3 O-O 6. Nge2 c5 7. Be3 Nc6 8. dxc5
dxc5 9. Qxd8 Rxd8 10. Bxc5 b6 11. Ba3 Ba6 12. Nb5 Bxb5 13. cxb5 Nd4 14. Nxd4
Rxd4 15. Rd1 Rad8 16. Rxd4 Rxd4 17. Be2 Kf8 18. Kf2 Bh6 19. Rd1 Rxd1 20. Bxd1
Bc1 21. Ke2 h5 22. g3 h4 23. Bb3 g5 24. e5 Nd7 25. e6 Nc5 26. Bxc5 bxc5 27. exf7
h3 28. Kd3 Bxb2 29. Ke4 Bd4 30. Kf5 Bg1 31. Kxg5 Bxh2 32. Kg4 Bg1 33. Kxh3 c4
34. Bxc4 Bc5 35. a4 Bd6 36. Be6 1-0

[Event "67th ch-RUS HL w 2017"]
[Site "Sochi RUS"]
[Date "2017.07.04"]
[Round "3.5"]
[White "Assaubayeva, Bibisara"]
[Black "Maltsevskaya, Aleksandra"]
[Result "1-0"]
[WhiteTitle "WFM"]
[WhiteElo "2386"]
[BlackElo "2254"]
[WhiteFideId "13708694"]
[BlackFideId "24174041"]
[EventDate "2017.07.02"]

1. d4 Nf6 2. c4 g6 3. Nc3 Bg7 4. e4 d6 5. f3 O-O 6. Be3 Nc6 7. Nge2 a6 8. Qd2
Na5 9. Nf4 b5 10. h4 h5 11. g4 e5 12. dxe5 dxe5 13. Nfd5 Nc6 14. Bg5 Nd4 15.
O-O-O Be6 16. Qg2 c6 17. Nxf6+ Bxf6 18. gxh5 Bxg5+ 19. hxg5 Kg7 20. f4 Qb6 21.
hxg6 fxg6 22. f5 Qc5 23. fxe6 Rf2 24. Qh3 Kf8 25. Qh8+ Ke7 26. Qg7+ Kxe6 27.
Bh3+ 1-0

[Event "67th ch-RUS HL w 2017"]
[Site "Sochi RUS"]
[Date "2017.07.04"]
[Round "3.6"]
[White "Travkina, Anastasia"]
[Black "Ovod, Evgenija"]
[Result "1/2-1/2"]
[WhiteTitle "WFM"]
[BlackTitle "IM"]
[WhiteElo "2260"]
[BlackElo "2363"]
[WhiteFideId "24129151"]
[BlackFideId "4131827"]
[EventDate "2017.07.02"]

1. e4 e6 2. d4 d5 3. Nc3 Bb4 4. e5 Qd7 5. f4 b6 6. g3 Ba6 7. Bh3 Ne7 8. Kf2 Bxc3
9. bxc3 Qa4 10. Nf3 c5 11. Be3 cxd4 12. cxd4 Nbc6 13. Qb1 Na5 14. c3 Rc8 15. Rc1
g6 16. Qb4 Qd7 17. Qa3 O-O 18. f5 Nxf5 19. Bxf5 exf5 20. Bg5 Bd3 21. c4 dxc4 22.
Bf6 h6 23. Rd1 g5 24. Qc1 Kh7 25. h4 g4 26. Ng5+ hxg5 27. Qxg5 Qxd4+ 28. Kg2
Be4+ 29. Kf1 Bd3+ 30. Kg2 Be4+ 31. Kf1 Bd3+ 32. Kg2 Be4+ 33. Kf1 Bd3+ 1/2-1/2

[Event "67th ch-RUS HL w 2017"]
[Site "Sochi RUS"]
[Date "2017.07.04"]
[Round "3.8"]
[White "Galliamova, Alisa"]
[Black "Potapova, Margarita"]
[Result "1-0"]
[WhiteTitle "IM"]
[BlackTitle "WFM"]
[WhiteElo "2459"]
[BlackElo "2203"]
[WhiteFideId "4129725"]
[BlackFideId "14126869"]
[EventDate "2017.07.02"]

1. Nf3 Nf6 2. c4 c5 3. g3 b6 4. Bg2 Bb7 5. O-O g6 6. Nc3 Bg7 7. d4 cxd4 8. Qxd4
d6 9. Rb1 Nbd7 10. b3 Rc8 11. Be3 Nc5 12. Bh3 Rb8 13. Rbc1 Nh5 14. Qd2 O-O 15.
b4 Ne4 16. Nxe4 Bxe4 17. Rfd1 Qe8 18. Nd4 Qa4 19. Nb5 Ba8 20. Rb1 a6 21. Nc7 Be4
22. Rb3 Nf6 23. Nd5 Bxd5 24. cxd5 Ne4 25. Qd3 f5 26. Ra3 Qxb4 27. Rb1 Nc5 28.
Rxb4 Nxd3 29. exd3 b5 30. Rxa6 Ra8 31. Rxa8 Rxa8 32. g4 1-0

[Event "67th ch-RUS HL w 2017"]
[Site "Sochi RUS"]
[Date "2017.07.04"]
[Round "3.9"]
[White "Doroshenko, Diana"]
[Black "Girya, Olga"]
[Result "0-1"]
[WhiteTitle "WIM"]
[BlackTitle "WGM"]
[WhiteElo "2228"]
[BlackElo "2502"]
[WhiteFideId "4176766"]
[BlackFideId "4195752"]
[EventDate "2017.07.02"]

1. e4 c6 2. d4 d5 3. exd5 cxd5 4. Bd3 Nc6 5. c3 Nf6 6. h3 Qc7 7. Nf3 g6 8. Qc2
Bg7 9. O-O O-O 10. Re1 Nh5 11. Be3 Nf4 12. Bf1 Bf5 13. Qd2 Nh5 14. Na3 Nf6 15.
Bh6 Ne4 16. Qc1 Rac8 17. Bxg7 Kxg7 18. Nc2 a6 19. Ne3 Be6 20. c4 Nf6 21. c5 Qf4
22. Bd3 Nh5 23. a3 Rfd8 24. Nd1 Bxh3 25. Qxf4 Nxf4 26. Bf1 Bf5 27. Nc3 Ne6 28.
b4 Rc7 29. Ra2 Nexd4 30. Nxd4 Nxd4 31. Rd2 Nc2 32. Re5 Nxa3 33. Rexd5 Rxd5 34.
Rxd5 Rd7 35. Be2 Nc2 36. Bf3 Nd4 37. Rxd4 Rxd4 38. Bxb7 Rxb4 39. Bxa6 Bd7 40.
Nd5 Rb1+ 41. Kh2 Rc1 42. Nb6 Be6 43. Na4 Bb3 0-1

[Event "67th ch-RUS HL w 2017"]
[Site "Sochi RUS"]
[Date "2017.07.04"]
[Round "3.10"]
[White "Styazhkina, Anna"]
[Black "Pustovoitova, Daria"]
[Result "1-0"]
[WhiteTitle "WIM"]
[BlackTitle "FM"]
[WhiteElo "2252"]
[BlackElo "2406"]
[WhiteFideId "24119300"]
[BlackFideId "4182146"]
[EventDate "2017.07.02"]

1. e4 e6 2. d4 b6 3. Nf3 d5 4. exd5 Qxd5 5. c4 Bb4+ 6. Nbd2 Qe4+ 7. Be2 Bxd2+ 8.
Bxd2 Bb7 9. O-O Nf6 10. h3 Nbd7 11. b4 O-O-O 12. Be3 Ne5 13. Ne1 Nc6 14. Bd3 Qh4
15. Nf3 Qh5 16. Be2 Qg6 17. Qa4 Nxd4 18. Bxd4 Rxd4 19. c5 Nd5 20. Nxd4 Nc3 21.
Nc6 Nxe2+ 22. Kh2 Qe4 23. Nxa7+ Kb8 24. c6 Nf4 25. Rg1 Ba8 26. Nb5 Qxc6 27. Qa7+
Kc8 28. Rac1 1-0

[Event "67th ch-RUS HL w 2017"]
[Site "Sochi RUS"]
[Date "2017.07.04"]
[Round "3.11"]
[White "Bivol, Alina"]
[Black "Chernyak, Viktoria"]
[Result "1/2-1/2"]
[WhiteTitle "WGM"]
[BlackTitle "WFM"]
[WhiteElo "2379"]
[BlackElo "2251"]
[WhiteFideId "4100123"]
[BlackFideId "24165956"]
[EventDate "2017.07.02"]

1. e4 c5 2. Nf3 g6 3. d4 cxd4 4. Nxd4 Nc6 5. Be2 Nf6 6. Nc3 Bg7 7. Nxc6 bxc6 8.
O-O d5 9. exd5 cxd5 10. Bf4 O-O 11. Be5 Bb7 12. Qd4 Ne8 13. Bxg7 Nxg7 14. Rad1
e6 15. a4 Nf5 16. Qb4 Qe7 17. Qxe7 Nxe7 18. a5 Rfd8 19. Na4 Bc6 20. Nc5 Rab8 21.
b3 e5 22. Rfe1 Nf5 23. Na6 Rb7 24. Bd3 Re8 25. Bxf5 gxf5 26. c4 dxc4 27. bxc4
Rb2 28. Rd6 Re6 29. Rxe6 fxe6 30. Nc5 Rc2 31. f3 e4 32. fxe4 Rxc4 33. Nxe6 Bxe4
34. Rd1 Ra4 35. Rd8+ Kf7 36. Ng5+ Kg6 37. Rg8+ Kf6 38. Nxh7+ Kf7 39. Rc8 Ra1+
40. Kf2 Ra2+ 41. Ke3 Rxg2 42. Rc7+ Ke6 43. Rxa7 Rxh2 44. Ng5+ Kd6 45. Nxe4+ fxe4
46. Kxe4 Kc6 47. a6 1/2-1/2

[Event "67th ch-RUS HL w 2017"]
[Site "Sochi RUS"]
[Date "2017.07.04"]
[Round "3.12"]
[White "Gritsayeva, Oksana"]
[Black "Shaydullina, Sandugach"]
[Result "1-0"]
[WhiteTitle "WFM"]
[BlackTitle "WGM"]
[WhiteElo "2372"]
[BlackElo "2203"]
[WhiteFideId "14104652"]
[BlackFideId "4140389"]
[EventDate "2017.07.02"]

1. e4 c5 2. Nf3 Nc6 3. Bb5 g6 4. Bxc6 dxc6 5. d3 Bg7 6. h3 b6 7. Nc3 Nh6 8. Be3
f6 9. a3 Nf7 10. O-O e5 11. b4 cxb4 12. axb4 g5 13. Nd2 h5 14. Nc4 Be6 15. Kh2
Qb8 16. Qe2 f5 17. Ra6 f4 18. Bd2 Bf6 19. Rfa1 Bd8 20. b5 Bc8 21. R6a2 Bb7 22.
bxc6 Bxc6 23. Nd5 g4 24. Bc3 Rh6 25. f3 Bd7 26. d4 Bh4 27. Nxe5 Bg3+ 28. Kh1
gxh3 29. Nxd7 hxg2+ 30. Kxg2 Kxd7 31. Qb5+ Kd8 32. Bb4 Nd6 33. Qc6 Qc8 34. Qxc8+
Rxc8 35. Rxa7 Rxc2+ 36. Kh1 Nc8 37. Rf7 Bh4 38. Nxf4 Rhc6 39. d5 R6c4 40. Ba3
Ke8 41. Rf8+ Kd7 42. Rg1 R4c3 43. Rg7+ Ne7 44. Bxe7 Rc1+ 45. Kh2 R3c2+ 46. Ng2
Bxe7 47. Rff7 Kd6 48. Rxe7 b5 49. Kg3 b4 50. Ne3 Rc3 51. Nf5+ Kc5 52. Rc7+ Kb6
53. Rb7+ Ka5 54. Kf4 Ka4 55. Nd4 b3 56. Rg8 Ka3 57. Nb5+ Ka2 58. Nxc3+ Rxc3 59.
Ra8+ Kb1 60. d6 b2 61. Rab8 Rc2 62. Rxb2+ 1-0

[Event "67th ch-RUS HL w 2017"]
[Site "Sochi RUS"]
[Date "2017.07.04"]
[Round "3.13"]
[White "Savina, Anastasia"]
[Black "Grigorian, Marine"]
[Result "1-0"]
[WhiteTitle "IM"]
[BlackTitle "WFM"]
[WhiteElo "2364"]
[BlackElo "2181"]
[WhiteFideId "4196872"]
[BlackFideId "4124260"]
[EventDate "2017.07.02"]

1. d4 d6 2. Nf3 Nf6 3. c4 g6 4. Nc3 Bf5 5. h3 Bg7 6. g4 Bc8 7. e4 h5 8. g5 Nfd7
9. Be3 O-O 10. Nh4 e5 11. d5 a5 12. Be2 Nc5 13. Rg1 Bxh3 14. Bxh5 Qe8 15. Bxc5
dxc5 16. Bg4 Bxg4 17. Qxg4 Qc8 18. Nf5 gxf5 19. exf5 e4 20. Nxe4 Bxb2 21. Rb1
Bd4 22. g6 f6 23. Qh5 Qd7 24. g7 1-0

[Event "67th ch-RUS HL w 2017"]
[Site "Sochi RUS"]
[Date "2017.07.04"]
[Round "3.14"]
[White "Ubiennykh, Ekaterina"]
[Black "Korchagina, Viktoria"]
[Result "1-0"]
[WhiteTitle "WIM"]
[BlackTitle "WFM"]
[WhiteElo "2322"]
[BlackElo "2154"]
[WhiteFideId "4137582"]
[BlackFideId "4197224"]
[EventDate "2017.07.02"]

1. e4 c5 2. Nf3 d6 3. d4 cxd4 4. Nxd4 Nf6 5. Nc3 Nc6 6. Bg5 e6 7. Qd2 a6 8.
O-O-O Bd7 9. f4 h6 10. Bxf6 gxf6 11. Be2 h5 12. Kb1 Qb6 13. Nb3 Qf2 14. Rhf1 Qb6
15. Rf3 O-O-O 16. a3 Kb8 17. Na4 Qa7 18. Rd3 Ne5 19. Rxd6 Be7 20. Nac5 Bxd6 21.
Qxd6+ Kc8 22. Nxb7 Kxb7 23. Bxa6+ Ka8 24. Nc5 Bc8 25. Qxd8 Rxd8 26. Rxd8 Qb6 27.
Rxc8+ Ka7 28. fxe5 fxe5 29. b4 Qd6 30. Bd3 f5 31. Re8 fxe4 32. Rxe6 Qd4 33. Bxe4
Qe3 34. Rc6 1-0

[Event "67th ch-RUS HL w 2017"]
[Site "Sochi RUS"]
[Date "2017.07.04"]
[Round "3.15"]
[White "Gorovenko, Darya"]
[Black "Mirzoeva, Elmira"]
[Result "0-1"]
[WhiteTitle "WFM"]
[BlackTitle "WGM"]
[WhiteElo "2072"]
[BlackElo "2314"]
[WhiteFideId "24173800"]
[BlackFideId "4127951"]
[EventDate "2017.07.02"]

1. d4 Nf6 2. Nf3 b6 3. g3 Bb7 4. Bg2 g6 5. O-O Bg7 6. c4 O-O 7. Nc3 Ne4 8. Qc2
Nxc3 9. bxc3 d6 10. a4 Nc6 11. Nd2 Na5 12. d5 Ba6 13. Qd3 c6 14. dxc6 Rc8 15.
Bb2 Nxc6 16. Bxc6 Rxc6 17. a5 bxa5 18. Ra4 d5 19. Qf3 Bxc4 20. Rfa1 Bb5 21. Rxa5
a6 22. Nb3 Rf6 23. Qg2 Bxe2 24. c4 Bxc4 25. Nd2 Bb5 26. Bxf6 Bxf6 27. R1a2 Qc7
28. h4 Bc3 0-1

[Event "67th ch-RUS HL w 2017"]
[Site "Sochi RUS"]
[Date "2017.07.04"]
[Round "3.16"]
[White "Garmash, Aliona"]
[Black "Dordzhieva, Dinara"]
[Result "0-1"]
[BlackTitle "WIM"]
[WhiteElo "1872"]
[BlackElo "2308"]
[WhiteFideId "34127620"]
[BlackFideId "24157570"]
[EventDate "2017.07.02"]

1. d4 f5 2. Nf3 Nf6 3. Bf4 d6 4. h3 g6 5. e3 Bg7 6. Be2 e6 7. O-O O-O 8. c4 Nbd7
9. Nc3 Qe7 10. Qb3 Kh8 11. Rad1 e5 12. dxe5 dxe5 13. Bh2 c6 14. a3 e4 15. Bd6
Qe8 16. Bxf8 Qxf8 17. Nd4 Ne5 18. Qc2 Qe7 19. Rd2 Bd7 20. Rfd1 Rf8 21. b4 g5 22.
c5 g4 23. hxg4 Nfxg4 24. Bxg4 Nxg4 25. g3 Qg5 26. Kg2 Bc8 27. Nde2 Qh5 28. Rh1
Nxe3+ 29. fxe3 Qf3+ 30. Kg1 Qxe3+ 31. Kf1 Qf3+ 32. Kg1 e3 33. Nd4 Qxg3+ 34. Rg2
Qe1+ 35. Kh2 Be5+ 0-1

[Event "67th ch-RUS HL w 2017"]
[Site "Sochi RUS"]
[Date "2017.07.04"]
[Round "3.17"]
[White "Avdeenko, Tatiana"]
[Black "Khokhlova, Daria"]
[Result "0-1"]
[WhiteTitle "WFM"]
[WhiteElo "2123"]
[BlackElo "2237"]
[WhiteFideId "4177452"]
[BlackFideId "24182729"]
[EventDate "2017.07.02"]

1. e4 c5 2. Nc3 Nc6 3. Bb5 e6 4. f4 Nge7 5. Nf3 a6 6. Be2 d5 7. O-O d4 8. Nb1
Ng6 9. d3 Be7 10. a4 O-O 11. Bd2 b6 12. Na3 Bb7 13. Qe1 f5 14. Qg3 Rb8 15. Nc4
b5 16. axb5 axb5 17. exf5 Rxf5 18. Nce5 Ncxe5 19. Nxe5 Nxe5 20. fxe5 Bh4 21. Qh3
Rxe5 22. Bg4 Bg5 23. Qg3 Be3+ 24. Kh1 Rg5 25. Bxe3 dxe3 26. Qxe3 Bxg2+ 27. Kxg2
Rxg4+ 28. Kh1 Qd5+ 29. Qf3 Rf8 30. Qxd5 Rxf1+ 31. Rxf1 exd5 32. Rf5 Rd4 33. Kg2
g6 34. Re5 Kf7 35. b3 Kf6 36. Re3 g5 37. c3 Rg4+ 38. Kf2 Rf4+ 39. Kg2 d4 40.
cxd4 Rxd4 41. Rh3 Kg6 42. Re3 Kf5 43. Rh3 Rg4+ 44. Kh1 Rh4 45. Re3 Rb4 0-1

[Event "67th ch-RUS HL w 2017"]
[Site "Sochi RUS"]
[Date "2017.07.04"]
[Round "3.18"]
[White "Faizutdinova, Diana"]
[Black "Dimitrova, Aleksandra"]
[Result "0-1"]
[BlackTitle "WFM"]
[WhiteElo "2041"]
[BlackElo "2231"]
[WhiteFideId "24143731"]
[BlackFideId "24173371"]
[EventDate "2017.07.02"]

1. c4 e5 2. Nf3 Nc6 3. d4 exd4 4. Nxd4 Nf6 5. Nxc6 bxc6 6. g3 Bb4+ 7. Bd2 Bxd2+
8. Qxd2 O-O 9. Bg2 d5 10. O-O Be6 11. cxd5 cxd5 12. Nc3 Qd6 13. Rac1 Rab8 14. b3
Rfe8 15. Rfd1 Qe5 16. Qd4 Qxd4 17. Rxd4 c5 18. Ra4 d4 19. Ne4 Nxe4 20. Bxe4 Bxb3
21. axb3 Rxe4 22. Rxc5 h6 23. e3 Rxb3 24. exd4 Rb7 25. Re5 Rxe5 26. dxe5 Kf8 27.
Kg2 Ke7 28. Ra6 Kd7 29. g4 Kc7 30. h4 Kb8 31. e6 fxe6 32. Rxe6 a5 33. Ra6 Ra7
34. Rb6+ Kc7 35. Rg6 Kd8 36. Rd6+ Ke7 37. Rd3 a4 38. Ra3 Kd6 39. Kg3 Kc5 40. h5
Kb4 41. Ra1 a3 42. f4 Kb3 43. g5 Ra6 44. gxh6 Rxh6 45. Kh4 a2 46. Rg1 Rc6 47.
Kg5 Kb2 48. f5 a1=Q 0-1

[Event "67th ch-RUS HL w 2017"]
[Site "Sochi RUS"]
[Date "2017.07.04"]
[Round "3.19"]
[White "Legenko, Ksenia"]
[Black "Nasybullina, Alfia"]
[Result "0-1"]
[WhiteTitle "WFM"]
[BlackTitle "WFM"]
[WhiteElo "2172"]
[BlackElo "2084"]
[WhiteFideId "4192265"]
[BlackFideId "4132416"]
[EventDate "2017.07.02"]

1. d4 Nf6 2. c4 b6 3. Nc3 Bb7 4. d5 e6 5. a3 exd5 6. cxd5 Na6 7. Nf3 Nc5 8. e3
c6 9. Bc4 Bd6 10. O-O Nce4 11. Nxe4 Nxe4 12. Qd4 Qe7 13. dxc6 Bxc6 14. Qxg7
O-O-O 15. Qxf7 Ng5 16. Qxe7 Nxf3+ 17. Kh1 Bxe7 18. e4 Ne5 19. Ba2 Bxe4 20. f3
Bc6 21. Bd2 d5 22. Rfe1 Ng6 23. Bb1 Rhe8 24. Bd3 Bc5 25. Rec1 Kb7 26. Rc2 Ba4
27. Rcc1 Be3 28. Bxe3 Rxe3 29. Bc2 Bxc2 30. Rxc2 d4 31. Kg1 d3 32. Rd2 Re2 33.
Rad1 Ne5 34. b3 Rg8 0-1